Korean Cities in Hanja - Statistics

General Stats
  • This quiz has been taken 108 times
  • The average score is 9 of 18
Answer Stats
Hanja English / Hangul % Correct
釜山 Busan 부산
93%
大邱 Daegu 대구
70%
仁川 Incheon 인천
68%
光州 Gwangju 광주
64%
大田 Daejeon 대전
61%
天安 Cheonan 천안
58%
淸州 Cheongju 청주
55%
全州 Jeonju 전주
53%
昌原 Changwon 창원
49%
平壤 Pyongyang 평양
48%
濟州 Jeju 제주
47%
蔚山 Ulsan 울산
44%
淸津 Chongjin 청진
43%
南浦 Nampo 남포
43%
新義州 Sinuiju 신의주
41%
浦項 Pohang 포항
32%
咸興 Hamhung 함흥
28%
龜尾 Gumi 구미
20%
No matching quizzes found
Score Distribution
Percent of People with Each Score
Percentile by Number Answered
Your Score History
You have not taken this quiz